| 000 | 00682nam a2200169 a 4500 | ||
|---|---|---|---|
| 008 | 120416s0000 ||||||||||||||||| || u | ||
| 020 | _a0297770527 | ||
| 050 | _aHJ 141 Pre | ||
| 100 | _aPrest, Alan Richmond | ||
| 245 | 1 | 0 | _aPublic finance in developing countries |
| 250 | _a2nd ed. | ||
| 260 |
_aLondon _bELSB _cWeidenfeld and Nicolson |
||
| 300 | _a208p. | ||
| 350 | _a0.00 | ||
| 995 |
_aBINDERY (DAMAGED) _D0.00 _e716027 _FCBU-MAIN LIBRARY (Kitwe) _H1 _I5.50 _jHJ 141 Pre _UDAMAGED _y006669 _ZMain Library Open Access Collection |
||
| 995 |
_aMAIN LIBRARY OPEN ACCESS _D0.00 _e006668 _FCBU-MAIN LIBRARY (Kitwe) _H2 _I5.50 _jHJ 141 Pre _UAVAILABLE _y006668 _ZMain Library Open Access Collection |
||
| 999 |
_c77146 _d77146 |
||